Nowhere To Go - Statistics

General Stats
  • This quiz has been taken 4 times
  • The average score is 242 of 393
Answer Stats
Answer % Correct
a
100%
and
100%
be
100%
go
100%
have
100%
hear
100%
I
100%
the
100%
this
100%
to
100%
you
100%
are
75%
did
75%
from
75%
got
75%
in
75%
into
75%
it
75%
know
75%
known
75%
like
75%
me
75%
my
75%
never
75%
Oh
75%
oh
75%
run
75%
said
75%
say
75%
should
75%
tell
75%
that
75%
told
75%
too
75%
we
75%
why
75%
all
50%
always
50%
around
50%
been
50%
but
50%
ever
50%
feel
50%
heard
50%
I'm
50%
I've
50%
mine
50%
now
50%
nowhere
50%
out
50%
than
50%
used
50%
walk
50%
yours
50%
you've
50%
away
25%
back
25%
blood
25%
choice
25%
code
25%
contradict
25%
control
25%
cutting
25%
dried
25%
erasing
25%
everything
25%
fading
25%
fail
25%
focus
25%
fucking
25%
gotta
25%
had
25%
happen
25%
high
25%
hopes
25%
learn
25%
less
25%
little
25%
made
25%
man
25%
mistakes
25%
pact
25%
paradox
25%
seat
25%
signed
25%
slow
25%
sold
25%
sorry
25%
speaking
25%
still
25%
stones
25%
stories
25%
throwing
25%
tongues
25%
took
25%
what's
25%
whats
25%
Why's
25%
you're
25%
driver's
0%
fell
0%
ready
0%
royal
0%
running
0%
No matching quizzes found
Score Distribution
Percent of People with Each Score
Percentile by Number Answered
Your Score History
You have not taken this quiz